00630 2200205 4500001002100000005001500021035002000036007000300056008004100059020001800100082000800118084001400126100003700140245013300177250001100310260003800321300003300359650002200392990001000414INLIS00000000001147920220530023048 a0010-0522000195ta220530 g 0 ind  a979-518-951-4 a342 a342 IKH m0 aIkhsan Rosyada Parluhutan Daulay1 aMahkamah Konstitusi :bMemahami Keberadaannya dalam Sistem Ketatanegaraan Republik Indonesia /cIkhsan Rosyada Parluhutan Daulay aCet. 1 aJakarta :bPT Rineka Cipta,c2006 ax, 274 hlm ;c14,5 x 20,8 cm 4aHukum Tata Negara a10450